Cryptography and network security : (EBOOK) (Record no. 191035)

000 -LEADER
fixed length control field 03517 a2200241 4500
003 - CONTROL NUMBER IDENTIFIER
control field Nust
005 - DATE AND TIME OF LATEST TRANSACTION
control field 20170207154007.0
010 ## - LIBRARY OF CONGRESS CONTROL NUMBER
LC control number 2010483725
020 ## - INTERNATIONAL STANDARD BOOK NUMBER
International Standard Book Number 0136097049
020 ## - INTERNATIONAL STANDARD BOOK NUMBER
International Standard Book Number 9780136097044
040 ## - CATALOGING SOURCE
Transcribing agency Nust
082 ## - DEWEY DECIMAL CLASSIFICATION NUMBER
Classification number 005.8
100 1# - MAIN ENTRY--PERSONAL NAME
Personal name Stallings, William.
245 10 - TITLE STATEMENT
Title Cryptography and network security : (EBOOK)
Remainder of title principles and practice /
Statement of responsibility, etc. William Stallings.
250 ## - EDITION STATEMENT
Edition statement 5th ed.
260 ## - PUBLICATION, DISTRIBUTION, ETC.
Place of publication, distribution, etc. Boston :
Name of publisher, distributor, etc. Prentice Hall,
Date of publication, distribution, etc. c2011.
300 ## - PHYSICAL DESCRIPTION
Extent xxiii, 719 p. :
Other physical details ill. ;
Dimensions 24 cm
505 ## - FORMATTED CONTENTS NOTE
Formatted contents note Chapter 0 Reader’s Guide 1 0.1 Outline of This Book 2 0.2 A Roadmap for Readers and Instructors 2 0.3 Internet and Web Resources 4 0.4 Standards 5 Chapter 1 Overview 7 1.1 Computer Security Concepts 9 1.2 The OSI Security Architecture 14 1.3 Security Attacks 15 1.4 Security Services 19 1.5 Security Mechanisms 23 1.6 A Model for Network Security 25 1.7 Recommended Reading and Web Sites 27 1.8 Key Terms, Review Questions, and Problems 29 PART ONE SYMMETRIC CIPHERS 31 Chapter 2 Classical Encryption Techniques 31 2.1 Symmetric Cipher Model 33 2.2 Substitution Techniques 38 2.3 Transposition Techniques 53 2.4 Rotor Machines 55 2.5 Steganography 57 2.6 Recommended Reading and Web Sites 59 2.7 Key Terms, Review Questions, and Problems 60 Chapter 3 Block Ciphers and the Data Encryption Standard 66 3.1 Block Cipher Principles 68 3.2 The Data Encryption Standard (DES) 77 3.3 A DES Example 85 3.4 The Strength of DES 88 3.5 Differential and Linear Cryptanalysis 89 3.6 Block Cipher Design Principles 92 3.7 Recommended Reading and Web Site 96 3.8 Key Terms, Review Questions, and Problems 97 Chapter 4 Basic Concepts in Number Theory and Finite Fields 101 4.1 Divisibility and the Division Algorithm 103 4.2 The Euclidean Algorithm 105 v vi CONTENTS 4.3 Modular Arithmetic 108 4.4 Groups, Rings, and Fields 116 4.5 Finite Fields of the Form GF(p) 120 4.6 Polynomial Arithmetic 122 4.7 Finite Fields of the Form GF(2n) 129 4.8 Recommended Reading and Web Sites 141 4.9 Key Terms, Review Questions, and Problems 141 Appendix 4A The Meaning of mod 144 Chapter 5 Advanced Encryption Standard 47 5.1 The Origins AES 148 5.2 AES Structure 150 5.3 AES Round Functions 155 5.4 AES Key Expansion 166 5.5 An AES Example 169 5.6 AES Implementation 174 5.7 Recommended Reading and Web Sites 178 5.8 Key Terms, Review Questions, and Problems 179 Appendix 5A Polynomials with Coefficients in GF(28) 180 Appendix 5B Simplified AES 183 Chapter 6 Block Cipher Operation 192 6.1 Multiple Encryption and Triple DES 193 6.2 Electronic Codebook Mode 198 6.3 Cipher Block Chaining Mode 201 6.4 Cipher Feedback Mode 203 6.5 Output Feedback Mode 205 6.6 Counter Mode 206 6.7 XTS Mode for Block-Oriented Storage Devices 210 6.8 Recommended Web Site 214 6.9 Key Terms, Review Questions, and Problems 214 Chapter 7 Pseudorandom Number Generation and Stream Ciphers 218 7.1 Principles of Pseudorandom Number Generation 219 7.2 Pseudorandom Number Generators 226 7.3 Pseudorandom Number Generation Using a Block Cipher 229 7.4 Stream Ciphers 232 7.5 RC4 234 7.6 True Random Numbers 237 7.7 Recommended Reading 238 7.8 Key Terms, Review Questions, and Problems 239 PART TWO ASYMMETRIC CIPHERS 243 Chapter 8 More Number Theory 243 8.1 Prime Numbers 245 8.2 Fermat’s and Euler’s Theorems 248 8.3 Testing for Primality 251 8.4 The Chinese Remainder Theorem 254
650 #0 - SUBJECT ADDED ENTRY--TOPICAL TERM
Topical term or geographic name entry element Coding theory.
650 #0 - SUBJECT ADDED ENTRY--TOPICAL TERM
Topical term or geographic name entry element Computer networks
General subdivision EBOOK
650 #0 - SUBJECT ADDED ENTRY--TOPICAL TERM
Topical term or geographic name entry element Computer security.
650 #0 - SUBJECT ADDED ENTRY--TOPICAL TERM
Topical term or geographic name entry element Data encryption (Computer science)
942 ## - ADDED ENTRY ELEMENTS (KOHA)
Source of classification or shelving scheme
Koha item type Book
Holdings
Withdrawn status Lost status Source of classification or shelving scheme Damaged status Not for loan Collection code Permanent Location Current Location Date acquired Total Checkouts Full call number Barcode Date last seen Price effective from Koha item type
            Military College of Signals (MCS) Military College of Signals (MCS) 12/12/2016   005.8 STA MCSEB-1 12/08/2016 12/12/2016 Book
© 2023 Central Library, National University of Sciences and Technology. All Rights Reserved.